[Event "COL-ch U2000"]
[Site "Medellin"]
[Date "2016.??.??"]
[Round "4.18"]
[White "Orrego Salazar, Gustavo"]
[Black "Restrepo, Jose Daniel"]
[Result "1-0"]
[WhiteElo "1956"]
[BlackElo "1842"]
[PlyCount "37"]
[EventDate "2016.02.29"]
[EventType "swiss"]
[EventRounds "9"]
[EventCountry "COL"]
[SourceTitle "EXT 2024"]
[Source "ChessBase"]
[SourceDate "2023.10.10"]
[SourceVersion "1"]
[SourceVersionDate "2023.10.10"]
[SourceQuality "1"]

1. e4 d5 2. exd5 Qxd5 3. Nc3 Qd6 4. d4 Nf6 5. Bc4 c6 6. Nge2 g6 7. Bf4 Qb4 8. Bb3 Bg7 9. Bc7 b6 10. Ba4 Bd7 11. Be5 b5 12. Bb3 Qa5 13. a4 b4 14. Ne4 Nh5 15. Bxg7 Nxg7 16. Nc5 Qc7 17. a5 Ne6 18. Bxe6 Bxe6 19. Qd2 1-0

[Event "Medellin Navideno op"]
[Site "Medellin"]
[Date "2015.12.12"]
[Round "5"]
[White "Parra, Diego Alexander"]
[Black "Orrego Salazar, Gustavo"]
[Result "1/2-1/2"]
[WhiteElo "1873"]
[BlackElo "1813"]
[PlyCount "60"]
[EventDate "2015.12.10"]
[EventType "swiss"]
[EventRounds "7"]
[EventCountry "COL"]
[SourceTitle "CBM 169 Extra"]
[Source "ChessBase"]
[SourceDate "2015.12.18"]
[SourceVersion "1"]
[SourceVersionDate "2015.12.18"]
[SourceQuality "1"]

1. e4 c5 2. Nf3 d6 3. d4 cxd4 4. Nxd4 Nf6 5. Nc3 a6 6. Bc4 Qc7 7. Bb3 e6 8. 0-0 Be7 9. Qf3 Nc6 10. Be3 Bd7 11. Qg3 0-0 12. f4 Rfc8 13. f5 Na5 14. Rad1 Nxb3 15. fxe6 fxe6 16. axb3 Qa5 17. Qh3 Qh5 18. Qxh5 Nxh5 19. Na4 Bxa4 20. bxa4 Nf6 21. c3 Rc4 22. a5 Bf8 23. e5 Ng4 24. Bf2 Nxf2 25. Rxf2 dxe5 26. Nxe6 Bc5 27. Nxc5 Rxc5 28. Rd7 Kh8 29. Rfd2 h6 30. R2d5 Rac8 1/2-1/2

[Event "Medellin Navideno op"]
[Site "Medellin"]
[Date "2015.12.11"]
[Round "3"]
[White "Orrego Salazar, Gustavo"]
[Black "Ruiz Agudelo, Santiago"]
[Result "1-0"]
[WhiteElo "1813"]
[BlackElo "1748"]
[PlyCount "59"]
[EventDate "2015.12.10"]
[EventType "swiss"]
[EventRounds "7"]
[EventCountry "COL"]
[SourceTitle "CBM 169 Extra"]
[Source "ChessBase"]
[SourceDate "2015.12.18"]
[SourceVersion "1"]
[SourceVersionDate "2015.12.18"]
[SourceQuality "1"]

1. e4 c5 2. Nf3 d6 3. c3 Nf6 4. e5 dxe5 5. Nxe5 Nbd7 6. Bb5 Qc7 7. d4 a6 8. Bxd7+ Nxd7 9. Bf4 Qb6 10. Nc4 Qg6 11. 0-0 b5 12. Qf3 Ra7 13. Na5 Qb6 14. b4 cxd4 15. cxd4 Bb7 16. d5 Qg6 17. Be3 Nb6 18. Nxb7 Rxb7 19. d6 Rb8 20. Bxb6 Qxd6 21. Bc5 Qf6 22. Qe4 Rc8 23. Nd2 Qc6 24. Rac1 Qxe4 25. Nxe4 e6 26. Nd6+ Bxd6 27. Bxd6 Kd7 28. Rxc8 Rxc8 29. Bc5 a5 30. Rd1+ 1-0

[Event "Medellin Navideno op"]
[Site "Medellin"]
[Date "2015.12.11"]
[Round "2"]
[White "Posada, Juan Manuel"]
[Black "Orrego Salazar, Gustavo"]
[Result "1-0"]
[WhiteElo "2033"]
[BlackElo "1813"]
[PlyCount "51"]
[EventDate "2015.12.10"]
[EventType "swiss"]
[EventRounds "7"]
[EventCountry "COL"]
[SourceTitle "CBM 169 Extra"]
[Source "ChessBase"]
[SourceDate "2015.12.18"]
[SourceVersion "1"]
[SourceVersionDate "2015.12.18"]
[SourceQuality "1"]

1. e4 c5 2. Nf3 d6 3. d4 cxd4 4. Nxd4 Nf6 5. Nc3 a6 6. Be2 e6 7. g4 h6 8. g5 hxg5 9. Bxg5 Qb6 10. Nb3 Nbd7 11. Qd2 Qc7 12. f4 b5 13. Bf3 b4 14. Ne2 Bb7 15. Ng3 a5 16. 0-0-0 a4 17. Nd4 Qc4 18. Kb1 b3 19. cxb3 axb3 20. Rc1 bxa2+ 21. Ka1 Qa4 22. Bxf6 gxf6 23. Be2 e5 24. Nb5 Nc5 25. Rxc5 Ra5 26. Nc7+ 1-0

[Event "Medellin Amateur op"]
[Site "Medellin"]
[Date "2011.04.24"]
[Round "8.10"]
[White "Orrego Salazar, Gustavo"]
[Black "Ramirez Florez, Edwin"]
[Result "1-0"]
[WhiteElo "1661"]
[BlackElo "1688"]
[PlyCount "47"]
[EventDate "2011.04.20"]
[EventType "swiss"]
[EventRounds "9"]
[EventCountry "COL"]
[SourceTitle "EXT 2024"]
[Source "ChessBase"]
[SourceDate "2023.10.10"]
[SourceVersion "1"]
[SourceVersionDate "2023.10.10"]
[SourceQuality "1"]

1. e4 e5 2. Nf3 Nc6 3. Bb5 a6 4. Ba4 Nf6 5. 0-0 Be7 6. Re1 b5 7. Bb3 d6 8. Nc3 Bg4 9. Nd5 Nd4 10. c3 Nxf3+ 11. gxf3 Bh3 12. d4 Nd7 13. f4 c6 14. Nb4 c5 15. Nc6 Qb6 16. Nxe7 Kxe7 17. Qf3 exd4 18. cxd4 c4 19. Bc2 Qxd4 20. Qxh3 Rhc8 21. e5 d5 22. e6 Nf6 23. Qa3+ Ke8 24. Be3 1-0

[Event "Medellin Amateur op"]
[Site "Medellin"]
[Date "2011.04.23"]
[Round "6.10"]
[White "Builes Palacio, Santiago"]
[Black "Orrego Salazar, Gustavo"]
[Result "1/2-1/2"]
[WhiteElo "1710"]
[BlackElo "1661"]
[PlyCount "47"]
[EventDate "2011.04.20"]
[EventType "swiss"]
[EventRounds "9"]
[EventCountry "COL"]
[SourceTitle "EXT 2024"]
[Source "ChessBase"]
[SourceDate "2023.10.10"]
[SourceVersion "1"]
[SourceVersionDate "2023.10.10"]
[SourceQuality "1"]

1. e4 Nf6 2. Nc3 d5 3. exd5 Nxd5 4. Nf3 Bf5 5. Nxd5 Qxd5 6. d4 Nc6 7. c3 0-0-0 8. Bd3 Bxd3 9. Qxd3 e5 10. Qf5+ Rd7 11. Be3 exd4 12. Qxd5 Rxd5 13. Nxd4 Nxd4 14. Bxd4 c5 15. Be3 Be7 16. Rd1 Rhd8 17. Rxd5 Rxd5 18. Ke2 Kc7 19. Re1 Kc6 20. c4 Re5 21. Kd3 Bf6 22. b3 a6 23. Bd2 Rxe1 24. Bxe1 1/2-1/2

[Event "Medellin op"]
[Site "Medellin"]
[Date "2011.??.??"]
[Round "4.3"]
[White "Orrego Salazar, Gustavo"]
[Black "Arenas Ocampo, Jhoan E"]
[Result "1/2-1/2"]
[WhiteElo "1600"]
[BlackElo "1569"]
[PlyCount "87"]
[EventDate "2011.02.08"]
[EventType "swiss"]
[EventRounds "7"]
[EventCountry "COL"]
[SourceTitle "EXT 2024"]
[Source "ChessBase"]
[SourceDate "2023.10.10"]
[SourceVersion "1"]
[SourceVersionDate "2023.10.10"]
[SourceQuality "1"]

1. e4 c5 2. Nf3 d6 3. d4 cxd4 4. Nxd4 Nf6 5. Nc3 a6 6. Bd3 Nc6 7. Be3 e6 8. 0-0 Be7 9. Nxc6 bxc6 10. f4 Qc7 11. Qf3 Bb7 12. Qg3 g6 13. e5 Nh5 14. Qf2 d5 15. Bb6 Qd7 16. Na4 0-0 17. Nc5 Bxc5 18. Bxc5 Rfe8 19. g4 Ng7 20. Qh4 Qd8 21. Qg3 h5 22. Rf3 hxg4 23. Qxg4 Nf5 24. Kf2 Qh4+ 25. Qxh4 Nxh4 26. Rg3 Kg7 27. Rag1 Nf5 28. Bxf5 exf5 29. Rg5 Bc8 30. h4 Rh8 31. h5 Rh6 32. Be7 Be6 33. Bf6+ Kh7 34. Rh1 Rg8 35. hxg6+ Rgxg6 36. Rgh5 Rxh5 37. Rxh5+ Rh6 38. Rxh6+ Kxh6 39. b4 Kh5 40. Ke3 Kg4 41. Bg5 d4+ 42. Kxd4 Bxa2 43. c4 Kf3 44. Kc5 1/2-1/2

[Event "Antioquia Region-ch C"]
[Site "Medellin"]
[Date "2011.??.??"]
[Round "7.1"]
[White "Orrego Salazar, Gustavo"]
[Black "Flores Jimenez, Jhon"]
[Result "1/2-1/2"]
[WhiteElo "1661"]
[BlackElo "1602"]
[PlyCount "76"]
[EventDate "2011.03.03"]
[EventType "swiss"]
[EventRounds "7"]
[EventCountry "COL"]
[SourceTitle "EXT 2024"]
[Source "ChessBase"]
[SourceDate "2023.10.10"]
[SourceVersion "1"]
[SourceVersionDate "2023.10.10"]
[SourceQuality "1"]

1. e4 e5 2. Nf3 Nc6 3. Bb5 a6 4. Ba4 Nf6 5. 0-0 Be7 6. Nc3 b5 7. Bb3 0-0 8. Re1 d6 9. Nd5 Bg4 10. Nxe7+ Qxe7 11. c3 h6 12. d4 exd4 13. cxd4 Bxf3 14. gxf3 Rae8 15. Be3 Na5 16. Qe2 Nh5 17. Kh1 Qf6 18. Rg1 Nf4 19. Qd2 Nxb3 20. axb3 Ng6 21. Rg3 Kh7 22. Rxa6 Ra8 23. Qa5 Rxa6 24. Qxa6 Re8 25. Qxb5 Ra8 26. Qf5 Qxf5 27. exf5 Nh4 28. f6 g6 29. f4 Ra2 30. Bc1 Ra1 31. Rc3 g5 32. fxg5 hxg5 33. f4 gxf4 34. Kg1 Kg6 35. Kf2 Ra7 36. Bxf4 Kxf6 37. Bg3 Nf5 38. Rf3 Ra2 1/2-1/2

[Event "Antioquia Region-ch C"]
[Site "Medellin"]
[Date "2011.??.??"]
[Round "4.3"]
[White "Orrego Salazar, Gustavo"]
[Black "Zuluaga, Silvio"]
[Result "1/2-1/2"]
[WhiteElo "1661"]
[BlackElo "1685"]
[PlyCount "71"]
[EventDate "2011.03.03"]
[EventType "swiss"]
[EventRounds "7"]
[EventCountry "COL"]
[SourceTitle "EXT 2024"]
[Source "ChessBase"]
[SourceDate "2023.10.10"]
[SourceVersion "1"]
[SourceVersionDate "2023.10.10"]
[SourceQuality "1"]

1. e4 c5 2. Nf3 d6 3. d4 cxd4 4. Nxd4 a6 5. Bd3 Nf6 6. 0-0 e6 7. Be3 Be7 8. f4 Qc7 9. g4 Nc6 10. g5 Nd7 11. f5 Nxd4 12. Bxd4 exf5 13. Qh5 Ne5 14. exf5 h6 15. Nc3 Bxg5 16. h4 Bd8 17. Nd5 Qa5 18. Be4 Bd7 19. b4 Qa3 20. Bxe5 dxe5 21. Rf3 Qb2 22. Rd1 Bc6 23. f6 gxf6 24. Nxf6+ Bxf6 25. Rxf6 Rg8+ 26. Kh2 Rg7 27. Rxc6 bxc6 28. Bxc6+ Ke7 29. Bxa8 Qxc2+ 30. Kh1 Qc3 31. Qf3 Qxb4 32. Qb7+ Qxb7+ 33. Bxb7 Rg6 34. h5 Rb6 35. Be4 Ke6 36. Kg2 1/2-1/2